00979 2200325 4500001002100000005001500021035002500036008004100061020002200102040001700124082001500141084001900156100002400175245012900199250001300328260004400341300005800385500001100443650001400454700002000468700001900488700001800507710002100525740003300546850001200579041000800591990001800599990001800617990001800635INLIS00000000000530320190723122418 a0010-051500000000436150512s2013 jkia gr ind d a978-979-061-398-0 aYOPDYOGbind 223a658.83 aQ 658.83 Zik M1 aZikmund, William G.10aMenjelajahi riset pemasaran :bBuku 2 /cWilliam G. Zikmund dan Barry J. Babin; Penerjemah, Diana Angelica dan Hirson Kurnia aEdisi 103 aJakarta Selatan :bSalemba Empat,c2013 axxvi, 533 (33) halaman :bilustrasi, gambar ;c26 cm. aIndeks 4aPemasaran aBabin, Barry J. aDiana Angelica aHirson Kurnia aCengage Learning aExploring Marketing Research aYOPDYOG0 aind a17442-PD/B.15 a17443-PD/B.15 a17444-PD/B.15